| 000 | 00461nam a2200157Ia 4500 | ||
|---|---|---|---|
| 008 | 230917s9999||||xx |||||||||||||| ||und|| | ||
| 020 | _cGBP2.6 | ||
| 040 |
_e142536 _aMAIN |
||
| 041 | _aEnglish | ||
| 082 | _a331.10942 R812I | ||
| 100 | _aRoyal commission on the press | ||
| 245 | 0 | _aIndustrial Relations in the Provincial new Paper and periodical Industrial | |
| 260 |
_aLondon _bHer majesty's Stationary office _c1977 |
||
| 300 | _a157p. p. | ||
| 942 | _cBK | ||
| 999 |
_c219730 _d219730 |
||